000 00394nam a2200157Ia 4500
008 221030s9999 xx 000 0 und d
020 _a8120327856
041 _aEnglish
082 _a105.23
100 _aN. K. Srinath
245 0 _a8085 Microprocessor Programming & Interfacing
_cby N. K. Srinath
260 _bPHI
_aNew Delhi
_c2007
300 _a327
650 _aBE Computer
942 _cBK
999 _c5527
_d5527